[Event "Stay Safe Play From Home 194"]
[Site "T#646519Emanuel Laske"]
[Date "2020.06.02"]
[Round "1"]
[White "Trotsky"]
[Black "Toosieslide"]
[Result "0-1"]
[WhiteElo "1564"]
[BlackElo "2196"]
[Annotator "NA RC"]
[PlyCount "46"]
[EventDate "2020.06.02"]
[EventType "swiss (blitz)"]

1. d4 {[%emt 0:00:02]} Nf6 {[%emt 0:00:04]} 2. c4 {[%emt 0:00:01]} e6 {[%emt 0:00:01]} 3. Nc3 {[%emt 0:00:01]} Bb4 {[%emt 0:00:01]} 4. e3 {[%emt 0:00:01]} d5 {[%emt 0:00:01]} 5. Bd3 {[%emt 0:00:01]} b6 {[%emt 0:00:01]} 6. Qc2 {[%emt 0:00:01]} Bb7 {[%emt 0:00:00]} 7. Bd2 {[%emt 0:00:01]} Nbd7 {[%emt 0:00:02]} 8. f3 {[%emt 0:00:01]} c5 {[%emt 0:00:01]} 9. h4 {[%emt 0:00:01]} Qc7 {[%emt 0:00:01]} 10. O-O-O {[%emt 0:00:04]} dxc4 {[%emt 0:00:02]} 11. Bxc4 {[%emt 0:00:02]} cxd4 {[%emt 0:00:01]} 12. Bb5 {[%emt 0:00:02]} dxc3 {[%emt 0:00:02]} 13. bxc3 {[%emt 0:00:01]} Ba3+ {[%emt 0:00:01]} 14. Kb1 {[%emt 0:00:01]} O-O-O {[%emt 0:00:01]} 15. Bc1 {[%emt 0:00:02]} Bxc1 {[%emt 0:00:02]} 16. Rxc1 {[%emt 0:00:01]} Nc5 {[%emt 0:00:00]} 17. Ba4 {[%emt 0:00:06]} Nfe4 {[%emt 0:00:04]} 18. Ne2 {[%emt 0:00:03]} Rd2 {[%emt 0:00:03]} 19. Qxd2 {[%emt 0:00:23]} Nxd2+ {[%emt 0:00:02]} 20. Ka1 {[%emt 0:00:01]} Nd3 {[%emt 0:00:01]} 21. Rc2 {[%emt 0:00:02]} Nc4 {[%emt 0:00:01]} 22. Nd4 {[%emt 0:00:02]} Nxe3 {[%emt 0:00:01]} 23. Rd2 {[%emt 0:00:03]} Qxc3+ {[%emt 0:00:01] ' Âðåìÿ (Lag: Av=0.42s, max=0.5s)} 0-1

[Event "Stay Safe Play From Home 194"]
[Site "T#646519Emanuel Laske"]
[Date "2020.06.02"]
[Round "1"]
[White "Aktürk"]
[Black "Lazieri3"]
[Result "0-1"]
[WhiteElo "1482"]
[BlackElo "2091"]
[Annotator "TA"]
[PlyCount "56"]
[EventDate "2020.06.02"]
[EventType "swiss (blitz)"]

{[%evp 9,56,-25,-3,-3,8,16,17,-15,-12,-15,14,0,0,-52,-33,-45,-42,-49,-33,-56,-45,-45,-45,-45,-47,-98,-41,-119,-28,-47,-56,-66,0,-12,0,0,297,316,572,0,0,-50,-49,-106,-82,-1194,-802,-946,-922]} 1. e3 c6 2. Qf3 d5 3. b3 Nf6 4. Bb2 {[#]} Bg4 $146 ({Predecessor:} 4... e6 5. Qg3 Nbd7 6. Nc3 b6 7. Be2 Bb7 8. Nh3 Rc8 9. O-O Qc7 10. f4 a6 11. Nf2 c5 {1-0 (26) De Andrade Almeida,L-Fernandez Vazquez,J (1822) ICC INT 2009}) 5. Qg3 h5 {...Ne4 is the strong threat.} 6. h3 {A00: Irregular Openings.} h4 7. Qf4 Bh5 8. Be2 {The position is equal.} Bxe2 9. Nxe2 g6 10. Bxf6 exf6 11. Nd4 (11. c4 $11) 11... Bg7 12. Nc3 Nd7 13. Nde2 Qe7 14. Qf3 Ne5 15. Qf4 O-O-O 16. Qa4 a6 17. b4 (17. Qa5 $15) 17... Nc4 (17... f5 $17 18. O-O Kb8) 18. d3 {[#]} (18. Qb3 $15) 18... Nb6 (18... Nxe3 $1 $17 {[%mdl 512] aiming for ...f5.} 19. fxe3 Qxe3) 19. Qb3 f5 20. a4 Rhe8 (20... d4 $15 21. exd4 Rxd4) 21. b5 {Threatens to win with bxc6.} axb5 22. axb5 Qc5 $2 {[%mdl 8192]} (22... c5 $11) 23. bxc6 $18 bxc6 $2 (23... Bxc3+ 24. Nxc3 Qxc6) 24. Rb1 $2 (24. d4 $18 Bxd4 25. exd4) 24... Kc7 $11 25. Na4 Nxa4 26. Qb7+ Kd6 27. Nd4 $2 {[%mdl 8192]} (27. Qxf7 $17 Qa5+ 28. Kf1) 27... Nc3 28. Rb3 Qxd4 {Accuracy: White = 53%, Black = 52%.} 0-1

[Event "Stay Safe Play From Home 194"]
[Site "T#646519Emanuel Laske"]
[Date "2020.06.02"]
[Round "2"]
[White "XShot"]
[Black "Fischer_11"]
[Result "1-0"]
[WhiteElo "2506"]
[BlackElo "2035"]
[Annotator "NA RC"]
[PlyCount "49"]
[EventDate "2020.06.02"]
[EventType "swiss (blitz)"]

1. d4 {[%emt 0:00:03]} e5 {[%emt 0:00:01]} 2. Nf3 {[%emt 0:00:00]} Nc6 {[%emt 0:00:01]} 3. dxe5 {[%emt 0:00:02]} Qe7 {[%emt 0:00:02]} 4. Nc3 {[%emt 0:00:03]} Nxe5 {[%emt 0:00:01]} 5. Nxe5 {[%emt 0:00:00]} Qxe5 {[%emt 0:00:00]} 6. e4 {[%emt 0:00:02]} Bb4 {[%emt 0:00:01]} 7. Bd3 {[%emt 0:00:01]} Bxc3+ {[%emt 0:00:01]} 8. bxc3 {[%emt 0:00:00]} Qxc3+ {[%emt 0:00:00]} 9. Bd2 {[%emt 0:00:00]} Qc6 {[%emt 0:00:02]} 10. O-O {[%emt 0:00:01]} d6 {[%emt 0:00:00]} 11. f4 {[%emt 0:00:01]} Ne7 {[%emt 0:00:03]} 12. e5 {[%emt 0:00:01]} O-O {[%emt 0:00:02]} 13. Qh5 {[%emt 0:00:01]} g6 {[%emt 0:00:03]} 14. Qh6 {[%emt 0:00:01]} Bf5 {[%emt 0:00:00]} 15. Rae1 {[%emt 0:00:03]} Bxd3 {[%emt 0:00:03]} 16. cxd3 {[%emt 0:00:00]} Nf5 {[%emt 0:00:01]} 17. Qg5 {[%emt 0:00:01]} dxe5 {[%emt 0:00:01]} 18. fxe5 {[%emt 0:00:01]} Qc5+ {[%emt 0:00:08]} 19. Kh1 {[%emt 0:00:01]} Rad8 {[%emt 0:00:02]} 20. Rxf5 {[%emt 0:00:01]} Rxd3 {[%emt 0:00:05]} 21. Be3 {[%emt 0:00:01]} Qc3 {[%emt 0:00:03]} 22. Rff1 {[%emt 0:00:02]} Re8 {[%emt 0:00:03]} 23. Qf4 {[%emt 0:00:02]} Re6 {[%emt 0:00:03]} 24. Qxf7+ {[%emt 0:00:01]} Kh8 {[%emt 0:00:02]} 25. Qf8# {[%emt 0:00:01] (Lag: Av=0.48s, max=1.2s)} 1-0

[Event "Stay Safe Play From Home 194"]
[Site "T#646519Emanuel Laske"]
[Date "2020.06.02"]
[Round "2"]
[White "AChessPlayer"]
[Black "Bellbox"]
[Result "1-0"]
[WhiteElo "2379"]
[BlackElo "2140"]
[Annotator "TA"]
[PlyCount "67"]
[EventDate "2020.06.02"]
[EventType "swiss (blitz)"]

{[%evp 17,66,19,30,10,19,15,81,42,55,56,96,87,91,66,63,0,6,-99,-105,-125,14,-45,24,12,0,-7,34,-43,0,0,0,0,0,-64,-56,-129,-79,-122,0,0,0,-107,-100,-94,150,0,0,-73,29998,29999,29999]} 1. e4 e5 2. Nf3 Nf6 3. Nxe5 d6 4. Nf3 Nxe4 5. Nc3 Nxc3 6. dxc3 Be7 7. Be3 O-O 8. Qd2 Nc6 9. O-O-O Ne5 {9...Ne5 has lost popularity.} 10. h3 {C42: Petroff Defence: 3 Nxe5 and unusual White 3rd moves.} Be6 11. Nd4 {[#]} Qe8 $146 ({Much weaker is} 11... Bxa2 $6 12. b3 $16) (11... Nc4 $11 12. Nxe6 Nxd2 13. Nxd8 Nxf1 14. Rhxf1 Rfxd8) ({Predecessor:} 11... Bxa2 12. b3 a5 13. f4 Ng6 14. Kb2 a4 15. Ra1 axb3 16. cxb3 c5 17. Rxa2 Rxa2+ 18. Kxa2 {0-1 (50) Duminica,M (2055)-Teodorescu,A (2074) Bucharest 2003}) 12. b3 {White is better.} a5 13. a4 Bf6 14. f4 Nc6 15. Bb5 Bd7 16. Bd3 (16. Rhe1 $14) 16... Nxd4 $11 17. cxd4 (17. Bxd4 $11 Qd8 18. Rhe1) 17... d5 $17 18. g4 g6 (18... b5 $17 19. axb5 Bxb5) 19. Rde1 (19. f5 $11) 19... Qd8 ({Black should play} 19... b5 $15) 20. g5 Bg7 21. h4 c6 22. f5 ({White must play} 22. h5 $14 Re8 23. Kb1 (23. hxg6 hxg6 24. Kb2 c5 $11)) 22... gxf5 23. h5 b5 {[%cal Bb7b5,Bb5a4][%mdl 32]} 24. h6 Bh8 25. Bf4 (25. c3 $11) 25... bxa4 $15 26. Be5 (26. bxa4 $15 Bxd4 27. Bxf5) 26... axb3 {Strongly threatening ...Bxe5.} 27. Qf4 {[#]} Re8 (27... a4 $1 $17 {aiming for ...Qa5.} 28. Bxh8 Kxh8 29. Qe5+ f6) 28. Bxh8 $11 Kxh8 29. Kb2 (29. Bxf5 $11 Bxf5 30. Qxf5) 29... bxc2 $17 30. Kxc2 c5 $2 (30... Rxe1 $17 {keeps the pressure on.} 31. Rxe1 Qb8 32. Qxb8+ Rxb8) 31. Rxe8+ (31. dxc5 $16 {Threatening mate with Rxe8+.} Rf8 32. Rb1 (32. Bxf5 f6 $11)) 31... Qxe8 $11 {[#]} 32. Qd6 $1 {[%mdl 512]} c4 $2 {[%mdl 8192]} (32... Qe6 $17 33. dxc5 a4) 33. Qf6+ {[%mdl 64] Double Attack} Kg8 34. Qg7# {Accuracy: White = 51%, Black = 41%.} 1-0

[Event "Stay Safe Play From Home 194"]
[Site "T#646519Emanuel Laske"]
[Date "2020.06.02"]
[Round "2"]
[White "Toosieslide"]
[Black "Broken sword"]
[Result "0-1"]
[WhiteElo "2197"]
[BlackElo "2515"]
[Annotator "TA"]
[PlyCount "44"]
[EventDate "2020.06.02"]
[EventType "swiss (blitz)"]

{[%evp 10,44,60,38,73,41,84,12,62,28,66,45,63,39,87,51,78,42,88,59,58,54,75,55,74,42,45,-951,-957,-961,-960,-937,-949,-1032,-1027,-1003,-997]} 1. d4 c5 2. d5 d6 3. c4 Nf6 4. Nc3 g6 5. e4 Bg7 6. f3 Nfd7 {E80: King's Indian: Sämisch: Lines without early ...0-0.} 7. Be3 Na6 {[#]} 8. Bd3 $146 (8. Nh3 $16) ({Predecessor:} 8. Qd2 h6 9. Nge2 Nc7 10. Nf4 Ne5 11. Be2 Bd7 12. O-O h5 13. Nh3 a6 14. a4 Bxh3 15. gxh3 {½-½ (45) Kopylov,N-Bronstein,D Leningrad 1947}) 8... Nc7 {The position is equal.} 9. Nge2 Rb8 10. O-O a6 11. a4 b6 12. Rb1 O-O 13. b4 Ra8 14. bxc5 bxc5 15. f4 Ne8 {[%cal Bc7e8,Be8f6,Bf6g4,Bg4e3][%mdl 32]} 16. Qc2 Nef6 17. e5 Ng4 18. f5 $2 {[%mdl 8192] [#] This costs White the game.} (18. Bd2 $14) 18... Nxe3 $19 {Black is clearly winning.} 19. Qd2 Nxf1 20. Rxf1 Nxe5 21. f6 Bxf6 22. Ne4 Bg7 {Accuracy: White = 30%, Black = 40%.} 0-1

[Event "Stay Safe Play From Home 194"]
[Site "T#646519Emanuel Laske"]
[Date "2020.06.02"]
[Round "2"]
[White "SoulofWolf"]
[Black "Patzeroglu"]
[Result "1-0"]
[WhiteElo "2179"]
[BlackElo "1923"]
[Annotator "TA"]
[PlyCount "33"]
[EventDate "2020.06.02"]
[EventType "swiss (blitz)"]

{[%evp 9,33,7,12,10,23,15,12,4,0,3,33,25,31,25,70,64,25,33,23,32,310,21,34,27,106,-12]} 1. Nf3 c5 2. d4 Nf6 3. e3 e6 4. c4 d5 5. Be2 cxd4 6. Nxd4 {D30: Queen's Gambit Declined: Systems without Nc3.} Be7 7. O-O O-O 8. b3 {The position is equal.} Nc6 {[#]} 9. Nf3 $146 ({Predecessor:} 9. Bb2 Nxd4 10. Qxd4 dxc4 11. Bxc4 Qxd4 12. Bxd4 Bd7 13. Nd2 Bc6 14. Be2 Rfd8 15. Nc4 Nd5 16. Rfd1 Nb4 17. Rd2 Be4 18. Rad1 f6 19. a3 Nc6 20. Bb2 Bd5 21. Rc2 Be4 22. Rcd2 Bd5 23. Rc2 Be4 {½-½ (23) Liu,Y (2474)-Sethuraman,S (2657) China 2018}) 9... e5 10. Bb2 e4 11. Nd4 Ne5 12. Nd2 Bg4 13. f3 exf3 14. N2xf3 Bd6 $2 {[%mdl 8192]} ({Black should play} 14... Ng6 $14) 15. Rc1 $2 (15. Nxe5 $18 Bxe5 16. Bxg4) 15... Bxf3 16. gxf3 dxc4 {[#]} (16... Re8 $11) 17. bxc4 {[%mdl 32768] Accuracy: White = 66%, Black = 46%. . Loss on time!?} (17. Nf5 $1 $16 Nd3 18. Bxd3 cxd3 19. Rc4) 1-0

[Event "Stay Safe Play From Home 194"]
[Site "T#646519Emanuel Laske"]
[Date "2020.06.02"]
[Round "2"]
[White "Lazieri3"]
[Black "Rogan"]
[Result "0-1"]
[WhiteElo "2092"]
[BlackElo "2235"]
[Annotator "TA"]
[PlyCount "100"]
[EventDate "2020.06.02"]
[EventType "swiss (blitz)"]

{[%evp 9,99,-16,14,-38,0,-20,-18,-52,-54,-62,-63,-63,-59,-68,-42,-45,-45,-66,-44,-84,-59,-99,-75,-89,-68,-133,-121,-116,-124,-130,-124,-135,-95,-123,-112,-575,-575,-574,-570,-629,-542,-541,-538,-664,-656,-772,-764,-752,-685,-818,-689,-778,-803,-783,-776,-775,-749,-814,-822,-842,-834,-833,-791,-819,-814,-792,-777,-885,-872,-859,-837,-953,-949,-945,-928,-4873,-2837,-29977,-29978,-29983,-29984,-29990,-29989,-29995,-29990,-29990,-29991,-29991,-29992,-29998,-29999,-29999]} 1. e4 d5 2. Nc3 Nf6 3. exd5 Nxd5 4. Nxd5 Qxd5 5. Qf3 Qc5 (5... c6 {with more complications.} 6. Qxd5 cxd5 7. d4 Nc6 8. c3 Bf5) 6. Qe3 {B02: Alekhine's Defence: Chase Variation and lines with early Nc3.} (6. Qb3 $11) 6... Qxe3+ (6... Qxc2 {feels hotter.} 7. Bd3 Qc6 8. Nf3 Qb6 9. b3 Qxe3+ 10. dxe3 f6) 7. dxe3 e5 8. c3 {[#] The position is equal.} Be6 $146 ({Predecessor:} 8... Be7 9. Bc4 Nd7 10. Nf3 e4 11. Nd4 Ne5 12. Be2 a6 13. O-O c5 14. f4 cxd4 15. fxe5 {0-1 (44) Parrales Lopez,P (1321)-Granados Ortiz,F (1990) Managua 2016}) 9. Bb5+ c6 10. Ba4 Nd7 11. Bb3 Nc5 12. Bxe6 Nxe6 13. Nf3 f6 14. O-O O-O-O 15. e4 Bc5 16. Re1 Rd7 17. Be3 (17. a4 $15) 17... Bxe3 18. Rxe3 Rhd8 19. g3 Nc5 20. Rae1 Rd3 21. Rxd3 Rxd3 22. Re2 $2 {[%mdl 8192] [#]} (22. Kg2 $17 {is tougher.}) 22... Rxf3 $19 {[%mdl 4096] Endgame KRN-KR} 23. Kg2 Rd3 24. f4 Kd7 25. fxe5 fxe5 26. h4 Ke6 27. h5 h6 28. Kh3 Rd1 29. Kh4 Rf1 30. Kg4 Nd7 31. Kh3 Nf6 32. Kg2 Rd1 33. a4 a5 34. b4 Nxh5 35. bxa5 Ra1 36. Rb2 Rxa4 37. Rxb7 Rxa5 38. g4 Nf4+ 39. Kf3 Kf6 40. Rc7 Rc5 41. Kf2 Rxc3 42. Kf1 g6 43. Kf2 Kg5 {Black mates.} 44. Re7 Kxg4 45. Rxe5 Rc2+ 46. Ke1 Kf3 47. Kd1 Rh2 48. Rc5 Ke3 49. Rxc6 Nd3 {[%csl Ge3][%cal Rh2d2]} 50. Rc2 Rh1# {Black took control after the opening. Accuracy: White = 48%, Black = 76%.} 0-1

[Event "Stay Safe Play From Home 194"]
[Site "T#646519Emanuel Laske"]
[Date "2020.06.02"]
[Round "2"]
[White "Haxhi Baha"]
[Black "Emresenar"]
[Result "1/2-1/2"]
[WhiteElo "1950"]
[BlackElo "1750"]
[Annotator "TA"]
[PlyCount "47"]
[EventDate "2020.06.02"]
[EventType "swiss (blitz)"]

{[%evp 13,47,20,15,8,22,0,9,9,5,0,22,32,13,10,82,69,56,36,102,108,135,133,131,127,104,0,0,0,0,0,0,0,0,0,0,0]} 1. e4 e6 2. d4 d5 3. exd5 exd5 4. Nf3 Nf6 5. Bd3 Bd6 6. O-O c6 7. h3 O-O 8. Re1 {C01: French: Exchange Variation.} h6 9. Be3 Be6 10. Nbd2 Nbd7 {[#]} 11. c4 $146 ({Predecessor:} 11. c3 Qb6 12. Nb3 Rac8 13. Qc2 c5 14. dxc5 Nxc5 15. Nxc5 Bxc5 16. Bxc5 Qxc5 17. Nd4 {0-1 (53) Li,Y-Khanyl,C (1239) Zhengzhou 2019}) 11... Re8 12. c5 Bc7 13. Qc2 b6 (13... a5 $11 {keeps the balance.}) 14. b4 bxc5 15. bxc5 Rb8 (15... a5 $14) 16. Qa4 $16 a5 17. Qxc6 Nf8 18. Rab1 Bd7 {[#]} 19. Qa6 (19. Rxb8 $1 $16 Qxb8 20. Qa6) 19... Ra8 $11 {The position is equal.} 20. Qb7 Rb8 21. Qa7 Ra8 22. Qb7 Rb8 23. Qa6 {And now Rxb8 would win.} Ra8 24. Qb7 {Accuracy: White = 92%, Black = 71%.} 1/2-1/2

[Event "Stay Safe Play From Home 194"]
[Site "T#646519Emanuel Laske"]
[Date "2020.06.02"]
[Round "2"]
[White "Lucknow"]
[Black "Mepe_Nika"]
[Result "1/2-1/2"]
[WhiteElo "1906"]
[BlackElo "2227"]
[Annotator "RC"]
[PlyCount "105"]
[EventDate "2020.06.02"]
[EventType "swiss (blitz)"]

1. d4 {[%emt 0:00:01]} d5 {[%emt 0:00:01]} 2. c4 {[%emt 0:00:01]} c6 {[%emt 0:00:01]} 3. e3 {[%emt 0:00:00]} Nf6 {[%emt 0:00:01]} 4. Nf3 {[%emt 0:00:00]} e6 {[%emt 0:00:02]} 5. Bd3 {[%emt 0:00:00]} Nbd7 {[%emt 0:00:01]} 6. Nc3 {[%emt 0:00:00]} dxc4 {[%emt 0:00:01]} 7. Bxc4 {[%emt 0:00:01]} b5 {[%emt 0:00:01]} 8. Bd3 {[%emt 0:00:00]} Bb7 {[%emt 0:00:01]} 9. O-O {[%emt 0:00:01]} Bd6 {[%emt 0:00:00]} 10. Qe2 {[%emt 0:00:00]} O-O {[%emt 0:00:01]} 11. e4 {[%emt 0:00:01]} e5 {[%emt 0:00:01]} 12. d5 {[%emt 0:00:01]} a6 {[%emt 0:00:02]} 13. dxc6 {[%emt 0:00:01]} Bxc6 {[%emt 0:00:00]} 14. Rd1 {[%emt 0:00:01]} Qe7 {[%emt 0:00:01]} 15. Bg5 {[%emt 0:00:02]} h6 {[%emt 0:00:01]} 16. Bxf6 {[%emt 0:00:00]} Nxf6 {[%emt 0:00:01]} 17. Nd5 {[%emt 0:00:01]} Nxd5 {[%emt 0:00:03]} 18. exd5 {[%emt 0:00:00]} Bxd5 {[%emt 0:00:00]} 19. Bc2 {[%emt 0:00:03]} Bb7 {[%emt 0:00:03]} 20. Qd3 {[%emt 0:00:01]} e4 {[%emt 0:00:06]} 21. Qxd6 {[%emt 0:00:01]} Qxd6 {[%emt 0:00:00]} 22. Rxd6 {[%emt 0:00:02]} exf3 {[%emt 0:00:00]} 23. gxf3 {[%emt 0:00:01]} Rfd8 {[%emt 0:00:01]} 24. Rad1 {[%emt 0:00:02]} Rxd6 {[%emt 0:00:01]} 25. Rxd6 {[%emt 0:00:01]} Rc8 {[%emt 0:00:03]} 26. Be4 {[%emt 0:00:02]} Bxe4 {[%emt 0:00:03]} 27. fxe4 {[%emt 0:00:00]} Rc2 {[%emt 0:00:01]} 28. Rxa6 {[%emt 0:00:02]} Rxb2 {[%emt 0:00:00]} 29. Rb6 {[%emt 0:00:00]} g5 {[%emt 0:00:01]} 30. Kg2 {[%emt 0:00:02]} Kg7 {[%emt 0:00:01]} 31. Kg3 {[%emt 0:00:01]} h5 {[%emt 0:00:01]} 32. h4 {[%emt 0:00:01]} g4 {[%emt 0:00:01]} 33. e5 {[%emt 0:00:02]} Rb4 {[%emt 0:00:03]} 34. Rb8 {[%emt 0:00:03]} Rb2 {[%emt 0:00:01]} 35. Rb6 {[%emt 0:00:01]} Rxa2 {[%emt 0:00:01]} 36. Rxb5 {[%emt 0:00:01]} Ra3+ {[%emt 0:00:00]} 37. Kg2 {[%emt 0:00:04]} Rh3 {[%emt 0:00:00]} 38. e6 {[%emt 0:00:03]} fxe6 {[%emt 0:00:04]} 39. Rxh5 {[%emt 0:00:01]} Kf6 {[%emt 0:00:01]} 40. Rh6+ {[%emt 0:00:02]} Kf5 {[%emt 0:00:01]} 41. Rh5+ {[%emt 0:00:01]} Kf4 {[%emt 0:00:01]} 42. Rh6 {[%emt 0:00:01]} e5 {[%emt 0:00:01]} 43. Rf6+ {[%emt 0:00:01]} Ke4 {[%emt 0:00:01]} 44. Rh6 {[%emt 0:00:01]} Kf4 {[%emt 0:00:01]} 45. Rf6+ {[%emt 0:00:01]} Ke4 {[%emt 0:00:00]} 46. Rh6 {[%emt 0:00:00]} Kf5 {[%emt 0:00:00]} 47. Rh8 {[%emt 0:00:01]} e4 {[%emt 0:00:01]} 48. Rf8+ {[%emt 0:00:01]} Ke5 {[%emt 0:00:00]} 49. Re8+ {[%emt 0:00:01]} Kf4 {[%emt 0:00:01]} 50. Rd8 {[%emt 0:00:00]} Ke5 {[%emt 0:00:00]} 51. Re8+ {[%emt 0:00:01]} Kf4 {[%emt 0:00:01]} 52. Rf8+ {[%emt 0:00:00]} Ke5 {[%emt 0:00:00]} 53. Re8+ {[%emt 0:00:00] (Lag: Av=0.37s, max=1.0s)} 1/2-1/2

[Event "Stay Safe Play From Home 194"]
[Site "T#646519Emanuel Laske"]
[Date "2020.06.02"]
[Round "2"]
[White "Buzaglo"]
[Black "Trotsky"]
[Result "1-0"]
[WhiteElo "1882"]
[BlackElo "1563"]
[Annotator "NA RC"]
[PlyCount "67"]
[EventDate "2020.06.02"]
[EventType "swiss (blitz)"]

1. d4 {[%emt 0:00:01]} d5 {[%emt 0:00:01]} 2. Nf3 {[%emt 0:00:00]} e6 {[%emt 0:00:00]} 3. g3 {[%emt 0:00:00]} c5 {[%emt 0:00:01]} 4. Bg2 {[%emt 0:00:00]} Nc6 {[%emt 0:00:01]} 5. O-O {[%emt 0:00:00]} Qc7 {[%emt 0:00:01]} 6. dxc5 {[%emt 0:00:01]} Bxc5 {[%emt 0:00:02]} 7. c4 {[%emt 0:00:00]} Nf6 {[%emt 0:00:02]} 8. cxd5 {[%emt 0:00:01]} exd5 {[%emt 0:00:01]} 9. Nc3 {[%emt 0:00:00]} Be6 {[%emt 0:00:01]} 10. Na4 {[%emt 0:00:02]} Bd6 {[%emt 0:00:02]} 11. a3 {[%emt 0:00:01]} O-O-O {[%emt 0:00:01]} 12. b4 {[%emt 0:00:01]} Ng4 {[%emt 0:00:01]} 13. Bg5 {[%emt 0:00:04]} f6 {[%emt 0:00:01]} 14. Bd2 {[%emt 0:00:01]} h5 {[%emt 0:00:01]} 15. Nh4 {[%emt 0:00:03]} g5 {[%emt 0:00:02]} 16. Nf3 {[%emt 0:00:05]} h4 {[%emt 0:00:03]} 17. h3 {[%emt 0:00:02]} hxg3 {[%emt 0:00:02]} 18. hxg4 {[%emt 0:00:02]} gxf2+ {[%emt 0:00:02]} 19. Rxf2 {[%emt 0:00:02]} Bxg4 {[%emt 0:00:03]} 20. b5 {[%emt 0:00:03]} Bxf3 {[%emt 0:00:01]} 21. exf3 {[%emt 0:00:06]} Bh2+ {[%emt 0:00:05]} 22. Kf1 {[%emt 0:00:01]} Qg3 {[%emt 0:00:03]} 23. bxc6 {[%emt 0:00:02]} bxc6 {[%emt 0:00:09]} 24. Qc2 {[%emt 0:00:01]} Rd6 {[%emt 0:00:01]} 25. Nc5 {[%emt 0:00:02]} Kc7 {[%emt 0:00:01]} 26. Na6+ {[%emt 0:00:01]} Kd7 {[%emt 0:00:01]} 27. Nb4 {[%emt 0:00:00]} Rc8 {[%emt 0:00:01]} 28. Qf5+ {[%emt 0:00:01]} Kc7 {[%emt 0:00:02]} 29. Na6+ {[%emt 0:00:02]} Kd8 {[%emt 0:00:03]} 30. Ba5+ {[%emt 0:00:02]} Ke7 {[%emt 0:00:02]} 31. Qh7+ {[%emt 0:00:03]} Ke6 {[%emt 0:00:02]} 32. Re1+ {[%emt 0:00:01]} Qe5 {[%emt 0:00:03]} 33. Rxe5+ {[%emt 0:00:02] .} Kxe5 {[%emt 0:00:01]} 34. Qd3 {[%emt 0:00:00] Âðåìÿ (Lag: Av=0.38s, max=0.7s)} 1-0

[Event "Stay Safe Play From Home 194"]
[Site "T#646519Emanuel Laske"]
[Date "2020.06.02"]
[Round "2"]
[White "NeatFox"]
[Black "Aktürk"]
[Result "1-0"]
[WhiteElo "1823"]
[BlackElo "1481"]
[Annotator "NA RC"]
[PlyCount "87"]
[EventDate "2020.06.02"]
[EventType "swiss (blitz)"]

1. g3 {[%emt 0:00:01]} e6 {[%emt 0:00:00]} 2. Bg2 {[%emt 0:00:00]} Qf6 {[%emt 0:00:01]} 3. c4 {[%emt 0:00:00]} Bc5 {[%emt 0:00:01]} 4. e3 {[%emt 0:00:01]} Nc6 {[%emt 0:00:03]} 5. d4 {[%emt 0:00:01]} Bb4+ {[%emt 0:00:02]} 6. Nc3 {[%emt 0:00:01]} Bxc3+ {[%emt 0:00:01]} 7. bxc3 {[%emt 0:00:01]} Qg6 {[%emt 0:00:00]} 8. Nf3 {[%emt 0:00:03]} Nf6 {[%emt 0:00:01]} 9. Ne5 {[%emt 0:00:01]} Nxe5 {[%emt 0:00:02]} 10. dxe5 {[%emt 0:00:00]} Nh5 {[%emt 0:00:01]} 11. Qd4 {[%emt 0:00:06]} Qf5 {[%emt 0:00:02]} 12. f4 {[%emt 0:00:03]} g6 {[%emt 0:00:02]} 13. h3 {[%emt 0:00:02]} Qc2 {[%emt 0:00:10]} 14. Qd2 {[%emt 0:00:02]} Qxd2+ {[%emt 0:00:02]} 15. Bxd2 {[%emt 0:00:01]} Nxg3 {[%emt 0:00:00]} 16. Rg1 {[%emt 0:00:02]} Nh5 {[%emt 0:00:01]} 17. e4 {[%emt 0:00:02]} c6 {[%emt 0:00:02]} 18. Be3 {[%emt 0:00:01]} b6 {[%emt 0:00:01]} 19. c5 {[%emt 0:00:01]} Bb7 {[%emt 0:00:01]} 20. cxb6 {[%emt 0:00:01]} axb6 {[%emt 0:00:01]} 21. c4 {[%emt 0:00:01]} c5 {[%emt 0:00:01]} 22. Bf3 {[%emt 0:00:04]} Ng7 {[%emt 0:00:01]} 23. h4 {[%emt 0:00:01]} h5 {[%emt 0:00:01]} 24. Rg2 {[%emt 0:00:01]} Ke7 {[%emt 0:00:01]} 25. Rd2 {[%emt 0:00:01]} Ne8 {[%emt 0:00:01]} 26. Rb2 {[%emt 0:00:01]} Bc6 {[%emt 0:00:02]} 27. Rxb6 {[%emt 0:00:01]} Nc7 {[%emt 0:00:01]} 28. a4 {[%emt 0:00:03]} Rhb8 {[%emt 0:00:01]} 29. Rxb8 {[%emt 0:00:01]} Rxb8 {[%emt 0:00:01]} 30. a5 {[%emt 0:00:00]} Na6 {[%emt 0:00:02]} 31. Bd2 {[%emt 0:00:03]} Rb3 {[%emt 0:00:01]} 32. Bg2 {[%emt 0:00:01]} Rg3 {[%emt 0:00:02]} 33. Kf2 {[%emt 0:00:01]} Rd3 {[%emt 0:00:02]} 34. Ke2 {[%emt 0:00:01]} Rd4 {[%emt 0:00:02]} 35. Rc1 {[%emt 0:00:03]} Bxe4 {[%emt 0:00:02]} 36. Be3 {[%emt 0:00:02]} Bxg2 {[%emt 0:00:02]} 37. Bxd4 {[%emt 0:00:01]} cxd4 {[%emt 0:00:00]} 38. Kd3 {[%emt 0:00:01]} Nb4+ {[%emt 0:00:01]} 39. Kxd4 {[%emt 0:00:00]} Nc6+ {[%emt 0:00:02]} 40. Kc5 {[%emt 0:00:01]} Be4 {[%emt 0:00:01]} 41. Kb6 {[%emt 0:00:00]} Bd3 {[%emt 0:00:01]} 42. a6 {[%emt 0:00:00]} Bxc4 {[%emt 0:00:01]} 43. a7 {[%emt 0:00:01]} Nxa7 {[%emt 0:00:00]} 44. Kxa7 {[%emt 0:00:00] Zaman (Lag: Av=0.30s, max=0.4s)} 1-0

[Event "Stay Safe Play From Home 194"]
[Site "T#646519Emanuel Laske"]
[Date "2020.06.02"]
[Round "2"]
[White "Edmatuag"]
[Black "Don59as"]
[Result "0-1"]
[WhiteElo "1622"]
[BlackElo "2106"]
[Annotator "NA RC"]
[PlyCount "44"]
[EventDate "2020.06.02"]
[EventType "swiss (blitz)"]

1. e4 {[%emt 0:00:01]} e5 {[%emt 0:00:01]} 2. Nf3 {[%emt 0:00:01]} Nc6 {[%emt 0:00:01]} 3. Bb5 {[%emt 0:00:01]} f5 {[%emt 0:00:01]} 4. Bxc6 {[%emt 0:00:02]} dxc6 {[%emt 0:00:01]} 5. d3 {[%emt 0:00:01]} Nf6 {[%emt 0:00:01]} 6. Nc3 {[%emt 0:00:02]} Bd6 {[%emt 0:00:01]} 7. O-O {[%emt 0:00:01]} O-O {[%emt 0:00:01]} 8. Re1 {[%emt 0:00:01]} fxe4 {[%emt 0:00:01]} 9. Nxe4 {[%emt 0:00:02]} Bg4 {[%emt 0:00:01]} 10. Bg5 {[%emt 0:00:02]} Be7 {[%emt 0:00:03]} 11. Qd2 {[%emt 0:00:05]} Bxf3 {[%emt 0:00:02]} 12. gxf3 {[%emt 0:00:02]} Nxe4 {[%emt 0:00:01]} 13. Bxe7 {[%emt 0:00:04]} Nxd2 {[%emt 0:00:01]} 14. Bxd8 {[%emt 0:00:01]} Nxf3+ {[%emt 0:00:01]} 15. Kh1 {[%emt 0:00:03]} Nxe1 {[%emt 0:00:03]} 16. Bxc7 {[%emt 0:00:01]} Nxc2 {[%emt 0:00:02]} 17. Bxe5 {[%emt 0:00:02]} Nxa1 {[%emt 0:00:01]} 18. Bc3 {[%emt 0:00:02]} Rxf2 {[%emt 0:00:01]} 19. Kg1 {[%emt 0:00:02]} Rc2 {[%emt 0:00:01]} 20. h3 {[%emt 0:00:02]} Re8 {[%emt 0:00:01]} 21. Kf1 {[%emt 0:00:04]} Ree2 {[%emt 0:00:01]} 22. Kg1 {[%emt 0:00:02]} Rc1+ {[%emt 0:00:03] Edmatuag resigns (Lag: Av=0.54s, max=0.7s)} 0-1